|
|
|
|
| LEADER |
02130nam a22003737a 4500 |
| 001 |
28616 |
| 003 |
BD-DhAAL |
| 005 |
20141130121813.0 |
| 008 |
141130s2008 ii 000 1 eng |
| 010 |
|
|
|a 2008306621
|
| 020 |
|
|
|a 9788129113726
|
| 025 |
|
|
|a I-E-2008-306621; 27
|
| 035 |
|
|
|a (IN-NdUBS)UBS08001281
|
| 037 |
|
|
|b Library of Congress -- New Delhi Overseas Office
|c Rs95.00
|
| 040 |
|
|
|a DLC
|c DLC
|d BD-DhAAL
|
| 042 |
|
|
|a lcode
|
| 050 |
0 |
0 |
|a MLCS 2008/00005 (P)
|a PR9499.3.B424
|
| 082 |
|
|
|2 21
|a 891.437/10
|
| 100 |
1 |
|
|a Bhagat, Chetan.
|9 6273
|
| 245 |
1 |
4 |
|a The 3 mistakes of my life :
|b a story about business, cricket, and religion /
|c Chetan Bhagat.
|
| 246 |
3 |
|
|a Three mistakes of my life
|
| 260 |
|
|
|a New Delhi :
|b Rupa & Co.,
|c 2008.
|
| 300 |
|
|
|a xx, 257 p. ;
|c 21 cm.
|
| 500 |
|
|
|a Novel.
|
| 541 |
|
|
|e 28616
|
| 650 |
|
0 |
|a Indic fiction (english)
|9 6266
|
| 942 |
|
|
|2 ddc
|c BK
|
| 999 |
|
|
|c 33148
|d 33148
|
| 952 |
|
|
|0 0
|1 0
|2 ddc
|4 0
|6 891_437100000000000_BHA
|7 0
|9 44250
|a BRACUL
|b BRACUL
|c GEN
|d 2014-11-30
|e BRAC Institute of Language (BIL)
|l 17
|m 89
|o 891.43710 BHA
|p 3010028616
|r 2026-04-18
|s 2026-01-15
|t 1
|w 2014-11-30
|y BK
|x Transferred from BIL to BRACUL on 06/06/22
|
| 952 |
|
|
|0 0
|1 0
|2 ddc
|4 0
|6 891_437000000000000_10_BHA
|7 0
|9 60580
|a SCL
|b SCL
|c GEN
|d 2017-05-08
|e Tajin Boi Gar
|g 80.00
|l 11
|m 86
|o 891.43710 BHA
|p 3020009105
|r 2025-09-15
|s 2025-06-30
|t 2
|w 2017-05-08
|y BK
|
| 952 |
|
|
|0 0
|1 0
|2 ddc
|4 0
|6 891_437000000000000_10_BHA
|7 0
|9 60581
|a SCL
|b SCL
|c GEN
|d 2017-05-08
|e Tajin Boi Gar
|g 80.00
|l 4
|m 25
|o 891.43710 BHA
|p 3020009109
|r 2018-03-25
|s 2018-01-14
|t 3
|w 2017-05-08
|y BK
|
| 952 |
|
|
|0 0
|1 3
|2 ddc
|4 0
|6 891_437000000000000_10_BHA
|7 0
|9 60582
|a SCL
|b SCL
|c GEN
|d 2017-05-08
|e Tajin Boi Gar
|g 80.00
|l 2
|m 18
|o 891.43710 BHA
|p 3020009107
|r 2017-11-29
|s 2017-09-28
|t 4
|w 2017-05-08
|y BK
|
| 952 |
|
|
|0 0
|1 0
|2 ddc
|4 0
|6 891_437000000000000_10_BHA
|7 0
|9 60583
|a SCL
|b SCL
|c GEN
|d 2017-05-08
|e Tajin Boi Gar
|g 80.00
|l 2
|m 8
|o 891.43710 BHA
|p 3020009106
|r 2017-07-08
|s 2017-06-15
|t 5
|w 2017-05-08
|y BK
|
| 952 |
|
|
|0 0
|1 0
|2 ddc
|4 0
|6 891_437000000000000_10_BHA
|7 0
|9 60584
|a SCL
|b SCL
|c GEN
|d 2017-05-08
|e Tajin Boi Gar
|g 80.00
|l 13
|m 50
|o 891.43710 BHA
|p 3020009108
|r 2025-09-14
|s 2025-08-27
|t 6
|w 2017-05-08
|y BK
|